| 000 | 00602nam a2200217Ia 4500 | ||
|---|---|---|---|
| 003 | OSt | ||
| 005 | 20220925215423.0 | ||
| 006 | a|||||r|||| 00| 0 | ||
| 007 | ta | ||
| 008 | 220923b |||||||| |||| 00| 0 eng d | ||
| 037 | _cGeneral Book | ||
| 040 |
_aRTL _cRTL _beng |
||
| 041 |
_2eng _aeng |
||
| 082 | _az3n3,N49, K1;L3 | ||
| 245 | 0 |
_aBIRTAIN 1973 _b An official handbook |
|
| 260 |
_aLondon _bHMSO UK _c1973 |
||
| 300 |
_aix, 522p. Bib p. 467-85,Appendix p. 457-66 _ccm. |
||
| 650 | _aGeneralia | ||
| 942 |
_hz3n3,N49, K1;L3 _cGB _2CC |
||
| 999 |
_c568751 _d568751 |
||